|
|
|
|
| LEADER |
00000nam a22000007a 4500 |
| 005 |
20160503131416.0 |
| 007 |
cr|||| ||u| |
| 008 |
160503s2006 bl ||||| |||| 00||0 por d |
| 020 |
|
|
|a 85-89919-43-9
|
| 035 |
|
|
|a 14180
|
| 040 |
|
|
|a vLex
|
| 090 |
|
|
|c 6041
|d 6041
|
| 100 |
1 |
|
|a Rodrigues Carvalho, Acelino
|
| 245 |
1 |
0 |
|a Substituiȯ̂ Processual no Processo Coletivo
|h [Recurso electrn̤ico] /
|c Acelino Rodrigues Carvalho
|
| 256 |
|
|
|a Servicio en ln̕ea
|
| 260 |
|
|
|a Brasil
|b LEUD - Livraria e Editora Universitr̀ia de Direito
|c 2006
|
| 300 |
|
|
|a 1 recurso electrn̤ico
|
| 500 |
|
|
|a Um Instrumento de Efetivaȯ̂ do Estado Democrt̀ico de Direito
|
| 506 |
1 |
|
|a Contenido solo disponible en los productos indicados
|d vLex Global
|d vLex Global (Academic Edition, excluding Law Schools)
|d vLex Global (U.S. Academic Edition, Law Schools)
|d vLex Global (U.S. Academic Edition, excluding Law Schools)
|d vLex Global (Academic Edition, Law Schools)
|
| 650 |
0 |
4 |
|a Substituiȯ̂ Processual no Processo Coletivo
|
| 740 |
0 |
|
|a vLex libros (servicio en ln̕ea)
|
| 856 |
4 |
0 |
|u http://vlex.com/source/substitui-o-processual-processo-coletivo-14180
|z Acceso restringido
|
| 942 |
|
|
|c BOOK
|